00294nam a2200121Ia 4500008004100000100002300041245005200064260001200116260001100128260000900139300000700148650001700155160109s9999 xx 000 0 und d10aRanaweera,R.A.H.M. aHistorical Review of the Graduateship Programme aColombo bIchemc c2015 a34 aGraduateship